000
00319nam a2200145Ia 4500
100
_a
Dunning/Gary
250
_a
2
942
_c
BK
654
_a
logic
245
_a
Introduction to Programmable logic controllers
260
_b
Thomsan Learning
_c
2002
082
_a
621.381
_b
DUN
300
_a
516
546
_a
ENGLISH
999
_c
21057
_d
21057